Statistical mechanics of equilibrium and non-equilibrium; (Record no. 71681)
[ view plain ]
| 000 -LEADER | |
|---|---|
| fixed length control field | 00941nam a2200229 a 4500 |
| 001 - CONTROL NUMBER | |
| control field | 71681 |
| 003 - CONTROL NUMBER IDENTIFIER | |
| rucl marc code | BD-RjUL |
| 005 - DATE AND TIME OF LATEST TRANSACTION | |
| control field | 20211209082139.0 |
| 008 - FIXED-LENGTH DATA ELEMENTS--GENERAL INFORMATION | |
| fixed length control field | 170507s1965 ne a 100 0 eng d |
| 035 ## - SYSTEM CONTROL NUMBER | |
| System control number | (BD-RjUL)71897 |
| 040 ## - CATALOGING SOURCE | |
| Transcribing agency | WRM |
| Modifying agency | OCL |
| -- | m.c. |
| -- | MYG |
| -- | BD-RjUL |
| Original cataloging agency | BD-RjUL |
| Language of cataloging | eng |
| 041 ## - LANGUAGE CODE | |
| Language code of text/sound track or separate title | eng |
| 082 ## - DEWEY DECIMAL CLASSIFICATION NUMBER | |
| Edition number | 23 |
| Classification number | 530.13 |
| Author mark and year | INS 1965 |
| 111 2# - MAIN ENTRY--MEETING NAME | |
| Meeting name or jurisdiction name as entry element | International Symposium on Statistical Mechanics and Thermodynamics |
| Date of meeting | (1964 : |
| Location of meeting | Aachen, Germany) |
| 9 (RLIN) | 213043 |
| 245 10 - TITLE STATEMENT | |
| Title | Statistical mechanics of equilibrium and non-equilibrium; |
| Remainder of title | proceedings of the international symposium osn statistical mechanics and thermodynamics held at Aachen, Germany, 15-20 June 1964 / |
| Statement of responsibility, etc. | Editor: J. Meixner. |
| 260 ## - PUBLICATION, DISTRIBUTION, ETC. (IMPRINT) | |
| Place of publication, distribution, etc. | Amsterdam : |
| Name of publisher, distributor, etc. | North Holland Publishing Co., |
| Date of publication, distribution, etc. | 1965. |
| 300 ## - PHYSICAL DESCRIPTION | |
| Pagination | 274 p. : |
| Illustrations | ill. ; |
| Size | 24 cm. |
| 650 #0 - SUBJECT ADDED ENTRY--TOPICAL TERM | |
| Topical term or geographic name as entry element | Statistical mechanics |
| Form subdivision | Congresses. |
| 9 (RLIN) | 212080 |
| Topical term or geographic name as entry element | Statistical mechanics. |
| 9 (RLIN) | 212081 |
| 700 1# - ADDED ENTRY--PERSONAL NAME | |
| Personal name | Meixner, J. |
| 942 ## - ADDED ENTRY ELEMENTS (KOHA) | |
| Source of classification or shelving scheme | Dewey Decimal Classification |
| Koha item type | Books |
| Lost status | Source of classification or shelving scheme | Damaged status | Not for loan | Collection code | Permanent Location | Current Location | Shelving location | Date acquired | Source of acquisition | Cost, normal purchase price | Total Checkouts | Full call number | Date last seen | Copy number | Koha item type |
|---|---|---|---|---|---|---|---|---|---|---|---|---|---|---|---|
| Dewey Decimal Classification | Not For Loan | Non-fiction | Central Library, University of Rajshahi | Central Library, University of Rajshahi | Reading Room | 22/10/1968 | Book Veiw | 60.00 | 530.13 INS 1965 | 07/05/2017 | C-1 | Books |